[Event "5th Karpov Trophy Prelim"]
[Site "Cap d'Agde FRA"]
[Date "2016.10.26"]
[Round "12.1"]
[White "Bacrot, Etienne"]
[Black "Cornette, Matthieu"]
[Result "1/2-1/2"]
[WhiteTitle "GM"]
[BlackTitle "GM"]
[WhiteElo "2692"]
[BlackElo "2599"]
[WhiteFideId "605506"]
[BlackFideId "620084"]
[EventDate "2016.10.21"]

1. e4 c5 2. Nf3 Nc6 3. Bb5 g6 4. Bxc6 bxc6 5. O-O Bg7 6. Re1 Nf6 7. e5 Nd5 8. c4
Nc7 9. d4 cxd4 10. Qxd4 Ne6 11. Qh4 d6 12. exd6 Qxd6 13. Nc3 h5 14. Bd2 O-O 15.
Rad1 Qc7 16. Na4 c5 17. Nc3 Bb7 18. Nd5 Bxd5 19. cxd5 Bf6 20. Qc4 Nd4 21. Nxd4
Bxd4 22. Bg5 Be5 23. g3 Rfe8 24. b3 Qd6 25. Be3 Rac8 26. Rc1 Red8 27. Red1 Bb2
28. Rc2 Qf6 29. Bxc5 Ba3 30. b4 a5 31. Qb3 Bxb4 32. Bxb4 Rxc2 33. Qxc2 axb4 34.
Qe4 Qd6 35. Rb1 Qxd5 36. Qxd5 Rxd5 37. Rxb4 Rd1+ 38. Kg2 g5 39. h4 gxh4 40. Rxh4
Ra1 41. Ra4 Kg7 42. Ra5 Kg6 43. f4 e6 44. Kf2 f6 45. Kg2 1/2-1/2

[Event "5th Karpov Trophy Prelim"]
[Site "Cap d'Agde FRA"]
[Date "2016.10.26"]
[Round "12.3"]
[White "Sebag, Marie"]
[Black "Vega Gutierrez, Sabrina"]
[Result "1/2-1/2"]
[WhiteTitle "GM"]
[BlackTitle "IM"]
[WhiteElo "2488"]
[BlackElo "2414"]
[WhiteFideId "617822"]
[BlackFideId "2219026"]
[EventDate "2016.10.21"]

1. e4 c5 2. Nf3 Nc6 3. Bb5 e6 4. O-O Nge7 5. c3 a6 6. Ba4 b5 7. Bc2 Bb7 8. Re1
Rc8 9. a4 b4 10. d4 cxd4 11. cxd4 d5 12. e5 Ng6 13. Nbd2 Be7 14. Nb3 Na5 15.
Nxa5 Qxa5 16. g3 O-O 17. h4 Rfe8 18. h5 Nf8 19. Bd3 Rc4 20. h6 g6 21. Bg5 Qd8
22. Bxe7 Qxe7 23. Bxc4 dxc4 24. Nd2 Qg5 25. Nxc4 Qxh6 26. f3 Qh3 27. Kf2 Qh2+
28. Ke3 Qxg3 29. Rg1 Qh4 30. Nd6 Rb8 31. Nxb7 Rxb7 32. Qe1 Qd8 33. Rc1 Nd7 34.
Rh1 Nb6 35. Qh4 Qxh4 36. Rxh4 Nxa4 37. b3 Nc3 38. Kd3 h5 39. Rh2 Kg7 40. Ra1 Rb6
41. Ra5 Kh6 42. f4 Nd5 43. Ke4 Nc3+ 44. Kf3 Nb5 45. Rd2 Rc6 46. Rd3 Rc1 47. Rxa6
Rf1+ 48. Kg3 Nc3 49. Rf3 Rd1 50. Ra7 Kg7 51. Rc7 Ne2+ 52. Kf2 Nxd4 53. Re3 Rd2+
54. Kf1 Rd1+ 55. Kg2 Rd2+ 56. Kh3 Rb2 57. Rc4 Rxb3 58. Rxb3 Nxb3 59. Rxb4 Nc5
60. Rc4 Nd7 61. Rc6 Nf8 62. Rd6 Nh7 63. Kh4 Nf8 64. Rd1 Nh7 65. Rc1 Nf8 66. Rc7
Kg8 67. Kg3 Kg7 68. Kf3 Nh7 69. Ke4 Nf8 70. Kd4 Nh7 71. Ke4 Nf8 72. Rc1 Nh7 73.
Rg1 Kh6 74. Rh1 Nf8 75. Rh2 Nd7 76. Rc2 1/2-1/2

[Event "5th Karpov Trophy Prelim"]
[Site "Cap d'Agde FRA"]
[Date "2016.10.26"]
[Round "12.4"]
[White "Harika, Dronavalli"]
[Black "Edouard, Romain"]
[Result "1-0"]
[WhiteTitle "GM"]
[BlackTitle "GM"]
[WhiteElo "2528"]
[BlackElo "2628"]
[WhiteFideId "5015197"]
[BlackFideId "633429"]
[EventDate "2016.10.21"]

1. e4 c5 2. Nf3 d6 3. d4 cxd4 4. Nxd4 Nf6 5. Nc3 g6 6. Be3 Bg7 7. f3 Nc6 8. Qd2
O-O 9. Bc4 Bd7 10. Bb3 Rc8 11. O-O-O Nxd4 12. Bxd4 b5 13. Nd5 Nxd5 14. Bxg7 Kxg7
15. exd5 a5 16. a3 Qb6 17. Qd4+ Qxd4 18. Rxd4 h5 19. Re1 Rfe8 20. h4 Rc7 21. Kd2
f6 22. c3 Kf7 23. Rde4 Bf5 24. Rf4 Bc8 25. g4 hxg4 26. fxg4 Rh8 27. g5 Bf5 28.
gxf6 exf6 29. Bc2 Bxc2 30. Kxc2 f5 31. b3 Rhc8 32. Re3 Rc5 33. Rd4 Re8 34. Rxe8
Kxe8 35. b4 axb4 36. axb4 Rc8 37. Rf4 Ke7 38. h5 Kf6 39. hxg6 Kxg6 40. Rf1 Kg5
41. Rg1+ Kf4 42. Re1 Kf3 43. Re6 Rd8 44. Kd3 f4 45. c4 bxc4+ 46. Kxc4 Kg2 47.
Rg6+ Kf2 48. b5 f3 49. b6 Ke2 50. Re6+ Kd2 51. Rf6 Ke2 52. Re6+ Kd2 53. Rf6 Ke2
54. Kb5 f2 55. b7 f1=Q 56. Rxf1 Kxf1 57. Kc6 Rh8 58. Kxd6 Ke2 59. Kc7 Rh7+ 60.
Kc6 Rh8 61. d6 1-0

[Event "5th Karpov Trophy Prelim"]
[Site "Cap d'Agde FRA"]
[Date "2016.10.27"]
[Round "13.1"]
[White "Cornette, Matthieu"]
[Black "Vega Gutierrez, Sabrina"]
[Result "1/2-1/2"]
[WhiteTitle "GM"]
[BlackTitle "IM"]
[WhiteElo "2599"]
[BlackElo "2414"]
[WhiteFideId "620084"]
[BlackFideId "2219026"]
[EventDate "2016.10.21"]

1. e4 c5 2. Nf3 Nc6 3. Nc3 Nf6 4. Bb5 g6 5. O-O Bg7 6. e5 Ng4 7. Bxc6 dxc6 8.
Re1 Nh6 9. d3 O-O 10. Ne4 b6 11. Bf4 Bg4 12. h3 Bxf3 13. Qxf3 Nf5 14. c3 f6 15.
e6 Qd5 16. g4 Nh4 17. Qg3 g5 18. Bc7 Rac8 19. Re3 h6 20. c4 1/2-1/2

[Event "5th Karpov Trophy Prelim"]
[Site "Cap d'Agde FRA"]
[Date "2016.10.27"]
[Round "13.3"]
[White "Edouard, Romain"]
[Black "Karpov, Anatoly"]
[Result "1-0"]
[WhiteTitle "GM"]
[BlackTitle "GM"]
[WhiteElo "2628"]
[BlackElo "2628"]
[WhiteFideId "633429"]
[BlackFideId "4100026"]
[EventDate "2016.10.21"]

1. c4 Nf6 2. Nc3 e5 3. Nf3 Nc6 4. a3 d5 5. cxd5 Nxd5 6. d3 Be7 7. e3 Be6 8. Qc2
a5 9. Be2 O-O 10. O-O Nb6 11. b3 f5 12. Bb2 Bf6 13. Rfd1 Qe7 14. Nd2 Rfd8 15.
Bf3 Bf7 16. Rac1 Rab8 17. Nc4 Nd5 18. Nxd5 Bxd5 19. Bxd5+ Rxd5 20. e4 fxe4 21.
dxe4 Rxd1+ 22. Rxd1 Rd8 23. g3 g6 24. Ne3 Rxd1+ 25. Qxd1 Nd4 26. Nd5 Qd8 27. f4
c5 28. Bxd4 cxd4 29. Qf1 exf4 30. gxf4 Bg7 31. Qc4 g5 32. f5 Be5 33. Nf4+ Kh8
34. Nd3 Qb8 35. Qf7 Bxh2+ 36. Kh1 Bf4 37. f6 Qg8 38. Qe7 Bd6 1-0

[Event "5th Karpov Trophy Prelim"]
[Site "Cap d'Agde FRA"]
[Date "2016.10.27"]
[Round "14.1"]
[White "Bacrot, Etienne"]
[Black "Edouard, Romain"]
[Result "0-1"]
[WhiteTitle "GM"]
[BlackTitle "GM"]
[WhiteElo "2692"]
[BlackElo "2628"]
[WhiteFideId "605506"]
[BlackFideId "633429"]
[EventDate "2016.10.21"]

1. e4 c5 2. Nf3 d6 3. Bb5+ Nd7 4. O-O a6 5. Bd3 Ngf6 6. Re1 b5 7. c4 bxc4 8.
Bxc4 Nb6 9. Bb3 e5 10. a4 a5 11. Nc3 Be7 12. d3 O-O 13. Bg5 Nfd7 14. Be3 Nb8 15.
Nd2 Nc6 16. Nd5 Rb8 17. h3 Kh8 18. Nb1 Be6 19. Nbc3 Nd4 20. Bxd4 exd4 21. Nb5
Bd7 22. Nbc7 Bg5 23. Ra2 f5 24. Nxb6 Qxc7 25. Nd5 Qb7 26. Bc4 fxe4 27. dxe4 Be6
28. b3 Qf7 29. Qd3 Rbe8 30. Rae2 Bd8 31. Qg3 Bxd5 32. exd5 Rxe2 33. Rxe2 Bc7 34.
Re6 h6 35. Bd3 Kg8 36. Re2 Qf6 37. Qg4 Bd8 38. g3 Rf7 39. Re8+ Rf8 40. Qe2 Qf7
41. Re6 Qf3 42. Rxd6 Bc7 43. Rg6 Qxe2 44. Bxe2 Rf6 45. Rg4 Kf7 46. Bc4 Bd6 47.
Re4 Kf8 48. Bb5 Rf3 49. Bc4 Rf6 50. h4 Rf7 51. Rg4 Rf5 52. Kf1 g5 53. hxg5 hxg5
54. Kg2 Ke7 55. Kf1 Kf6 56. Kg2 Ke7 57. b4 cxb4 58. Rxd4 Re5 59. Kf3 Bc5 60. Rd1
Rf5+ 61. Kg4 Rxf2 62. Re1+ Kd7 63. Kxg5 Rc2 64. Bb5+ Kd6 65. Bc6 b3 66. Re6+ Kc7
67. Bb5 b2 68. Rc6+ Kd8 0-1